Producenci którzy wygrali 24h Le Mans - Statystyki

Ogólne statystyki
  • Ten quiz został rozwiązany 14 razy
  • Średni wynik to 12 z 26
Statystyki odpowiedzi
Zwycięstwa Marka % Poprawnych
1949 , 1954 , 1958 , 1960 , 1961 , 1962 1963 , 1964 , 1965 2023 , 2024 , 2025 ( 12 ) Ferrari
100%
2000 , 2001 , 2002 2004 , 2005 , 2006 2007 , 2008 , 2010 2011 , 2012 , 2013 2014 ( 13 ) Audi
93%
1999 ( 1 ) BMW
93%
1952 ( 1 ) Mercedes-Benz
93%
1970 , 1971 , 1976 1977 , 1979 , 1981 1982 , 1983 , 1984 , 1985 , 1986 , 1987 1996 , 1997 , 1998 2015 , 2016 , 2017 ( 18 ) Porsche
86%
1966 , 1967 , 19681969 ( 4 ) Ford
79%
1992 , 1993 , 2009( 3 ) Peugeot
79%
2018 , 2019 , 2020 2021 , 2022 ( 5 ) Toyota
79%
1924 , 1927 , 1928 1929 , 1930 , 2003 ( 6 ) Bentley
64%
1995 ( 1 ) Mclaren
64%
1931 , 1932 , 19331934 ( 4 ) Alfa Romeo
57%
1959 ( 1 ) Aston Martin
57%
1951 , 1953 , 1955 1956 , 1957 , 1988 1990 ( 7 ) Jaguar
57%
1991 ( 1 ) Mazda
50%
1978 ( 1 ) Renault / Alpine
50%
1937 , 1939 ( 2 ) Bugatti
43%
1972 , 1973 , 1974( 3 ) Matra Simca
29%
1989 ( 1 ) Sauber
21%
1994 ( 1 ) Dauer
14%
1975 ( 1 ) Mirage
14%
1980 ( 1 ) Rondeau
7%
1923 ( 1 ) Chenard
0%
1938 ( 1 ) Delahaye
0%
1935 ( 1 ) Lagonda
0%
1925 , 1926 ( 2 ) Lorraine
0%
1950 ( 1 ) Talbot
0%
Nie znaleziono quizów pasujących do podanych kryteriów
Rozkład punktacji
Procent ludzi z każdym wynikiem
Percentyl według liczby udzielonych odpowiedzi
Twoja historia wyników
Nie rozwiązałeś tego quizu